000 nam a22 a 4500
999 _c183250
_d183250
003 BLK
005 20221207103155.0
008 180411b bul|||||r ||||||| ||bul||
010 _aKNG00192180000
040 _aBLK
041 _aBUL
_cBUL
080 _aСъвет на икономическа взаимопомощ
_b339.923:061.1СИВ
_z339.923:061.1СИВ
100 1 _aГеоргиев, Георги Стефанов
_eпърви автор
_9366925
139 _aГеоргиев, Георги Стефанов
_bГ 37
245 1 0 _aСоциалистическа икономическа интеграция
_bПолит. аспекти : Моногр.
_cГеорги Стефанов Георгиев.
257 _aBGR
260 _bПартиздат
_c1980
_fВ. Търново : печ. Д. Найденов
_aСофия
300 _a195 с.
_c21 см
380 _a3
500 _aРез. на рус. и нем. ез. - Библиогр. под линия. - 915 тир.
650 4 _aИкономическа интеграция - между социалистическите страни
_9319568
650 4 _aСоциалистически страни - икономическа интеграция
_9330483
650 4 _aСИВ
_9170890
653 _aикономическа интеграция
653 _aсоциалистически страни
653 _aСИВ
852 _aЦб 105127
_bЦб
942 _cKNG
_n0
_s1
944 _aCR
_c10.10.2016
_kПравда_Бадева
944 _aED
_c2022-12-07
_kРенета Константинова